US States without IKEA - Statistics

General Stats
  • This quiz has been taken 102 times
  • The average score is 19 of 23
Answer Stats
State % Correct
Alabama
92%
North Dakota
92%
Alaska
90%
Maine
90%
New Mexico
90%
South Dakota
90%
Montana
88%
New Hampshire
88%
Vermont
88%
Hawaii
86%
Idaho
86%
Wyoming
86%
Arkansas
84%
Mississippi
82%
Rhode Island
82%
Iowa
78%
Nebraska
78%
South Carolina
76%
West Virginia
76%
Delaware
74%
Oklahoma
72%
Louisiana
70%
Kentucky
66%
No matching quizzes found
Score Distribution
Percent of People with Each Score
Percentile by Number Answered
Your Score History
You have not taken this quiz